| 000 | 00842nam a22002175i 4500 | ||
|---|---|---|---|
| 001 | 164982 | ||
| 003 | ES-MaACL | ||
| 005 | 20250815062648.0 | ||
| 008 | 000111q18941900sp |||| | spa d | ||
| 040 |
_aCAM _bspa _cCAM |
||
| 100 | 1 |
_aSchuré, Eduardo. _9132576 |
|
| 245 | 1 | 0 |
_aRicardo Wagner, sus obras y sus ideas / _cpor Eduardo Schuré; traducción de la sétima [sic] edición francesa. |
| 260 |
_aMadrid : _bLa España Moderna, _c[s.a.] ( _fImprenta de San Francisco de Sales) |
||
| 300 |
_a334 p. ; _c22 cm. |
||
| 490 | 1 | _aBiblioteca de Jurisprudencia, Filosofía e Historia | |
| 596 | 1 | _aPrelim. fechados en 1894. | |
| 600 | 1 | 4 |
_aWagner, Richard, _d1813-1883- _xBiografías _9115850 |
| 830 | 0 | 0 |
_aBiblioteca de jurisprudencia, filosofía e historia _9180691 |
| 852 |
_aES-MaACL _jF-14945 _z-- Enc. hol. |
||
| 999 |
_c164982 _d164982 |
||